000 00689nam a2200241Ia 4500
003 OSt
005 20220918204942.0
006 a|||||r|||| 00| 0
007 ta
008 220917b |||||||| |||| 00| 0 eng d
024 _a114,837
037 _cTextual
040 _aARTS
_cARTS
_beng
041 _2eng
_aeng
082 _aV6:19.N8, M4 (906)
100 _aArlinghaus Bruce E Ed
_922438
245 0 _aAfrican security issues
_b Sovereigin stabilitiy and solidarity
260 _aBoulder
_bWestview Press
_c1984
300 _ax, 229p.
_ccm.
650 _aHISTORY
942 _hV6:19.N8, M4 (906)
_cTEXL
_2CC
999 _c238167
_d238167